EPDM-EVA blend as heat resistant cable insulator (Record no. 58705)

MARC details
000 -LEADER
fixed length control field 00552nam a2200169Ia 4500
100 ## - MAIN ENTRY--AUTHOR NAME
Personal name Sinha Surojit
245 #0 - TITLE STATEMENT
Title EPDM-EVA blend as heat resistant cable insulator
260 ## - PUBLICATION, DISTRIBUTION, ETC. (IMPRINT)
Name of publisher Proceedings of the National Conference and Exposition on Rubber and Allied Materials. India Rub Tech Expo 2004. 13-14 February, 2004, Mysore.pp.368-372.
650 ## - SUBJECT ADDED ENTRY--TOPICAL TERM
Topical Term Ageing
650 ## - SUBJECT ADDED ENTRY--TOPICAL TERM
Topical Term Blending
650 ## - SUBJECT ADDED ENTRY--TOPICAL TERM
Topical Term EPDM-EVA blend
650 ## - SUBJECT ADDED ENTRY--TOPICAL TERM
Topical Term Filler
650 ## - SUBJECT ADDED ENTRY--TOPICAL TERM
Topical Term Resistivity
700 ## - ADDED ENTRY--PERSONAL NAME
Personal name Khastgir Dipak
942 ## - ADDED ENTRY ELEMENTS (KOHA)
Koha item type Journals
Holdings
Withdrawn status Lost status Damaged status Not for loan Home library Current library Shelving location Date acquired Koha item type
      Journals RRII Library RRII Library Rubber chemistry 17/12/2021 Journals